000 00861nam a2200229 i 4500
001 39481
003 ES-MaACL
005 20250728141540.0
007 t|
008 030303s1964 sp ||||1| spa d
100 1 _aCano, Tomé.
_934539
245 1 0 _aArte para fabricar aparejar naos 1.611 /
_cTomé Cano ; edición y prólogo por Enrique Marco Dorta.
260 _aLa Laguna :
_bInstituto de Estudios Canarios,
_c1964.
300 _a116 p. ;
_c22 cm.
490 1 _aBiblioteca isleña ;
_v2. Biblioteca de autores canarios
650 _aArquitectura naval-
_vObras anteriores a 1800.
_9167490
700 1 _aMarco Dorta, Enrique,
_d1911-1980
_976479
710 2 _aInstituto de Estudios Canarios.
_94891
830 0 _aBiblioteca isleña ;
_v2. Biblioteca de autores canarios
_9183694
852 _aES-MaACL
_jC-26759
_bR.55808
999 _c39481
_d39481